The Arab uprisings : (Record no. 17279)
[ view plain ]
| 000 -LEADER | |
|---|---|
| fixed length control field | 01397cam a22003014a 4500 |
| 001 - CONTROL NUMBER | |
| control field | 17001620 |
| 005 - DATE AND TIME OF LATEST TRANSACTION | |
| control field | 20160608121848.0 |
| 008 - FIXED-LENGTH DATA ELEMENTS--GENERAL INFORMATION | |
| fixed length control field | 111017s2012 enka frb 001 0 eng d |
| 010 ## - LIBRARY OF CONGRESS CONTROL NUMBER | |
| LC control number | 2011041925 |
| 020 ## - INTERNATIONAL STANDARD BOOK NUMBER | |
| International Standard Book Number | 019989177X (pbk. : alk. paper) |
| 020 ## - INTERNATIONAL STANDARD BOOK NUMBER | |
| International Standard Book Number | 9780199891771 (pbk. : alk. paper) |
| 020 ## - INTERNATIONAL STANDARD BOOK NUMBER | |
| International Standard Book Number | 0199891753 (hardcover : alk. paper) |
| 020 ## - INTERNATIONAL STANDARD BOOK NUMBER | |
| International Standard Book Number | 9780199891757 (hardcover : alk. paper) |
| 082 04 - DEWEY DECIMAL CLASSIFICATION NUMBER | |
| Classification number | 321.0940956 |
| Item number | GEL |
| Edition number | 22 |
| 100 1# - MAIN ENTRY--PERSONAL NAME | |
| Personal name | Gelvin, James L., |
| Dates associated with a name | 1951- |
| 9 (RLIN) | 29306 |
| 245 14 - TITLE STATEMENT | |
| Title | The Arab Uprisings : |
| Remainder of title | What Everyone Needs to Know / |
| Statement of responsibility, etc | James L. Gelvin. |
| 260 ## - PUBLICATION, DISTRIBUTION, ETC. (IMPRINT) | |
| Place of publication, distribution, etc | Oxford ; |
| -- | New York : |
| Name of publisher, distributor, etc | Oxford University Press, |
| Date of publication, distribution, etc | c.2012. |
| 300 ## - PHYSICAL DESCRIPTION | |
| Extent | xii, 185 p. : |
| Other physical details | ill. ; |
| Dimensions | 22 cm. |
| 504 ## - BIBLIOGRAPHY, ETC. NOTE | |
| Bibliography, etc | Includes bibliographical references and index. |
| 505 0# - FORMATTED CONTENTS NOTE | |
| Formatted contents note | A revolutionary wave? -- The beginning: Tunisia and Egypt -- Uprisings in weak states: Yemen and Libya -- Two surprises: Algeria and Syria -- The monarchies -- Stepping back. |
| 650 #0 - SUBJECT ADDED ENTRY--TOPICAL TERM | |
| Topical term or geographic name as entry element | Protest movements |
| Geographic subdivision | Arab countries |
| General subdivision | History |
| Chronological subdivision | 21st century. |
| 9 (RLIN) | 28748 |
| Source of heading or term | BUEsh |
| 650 #0 - SUBJECT ADDED ENTRY--TOPICAL TERM | |
| Topical term or geographic name as entry element | Protest movements |
| Geographic subdivision | Middle East |
| General subdivision | History |
| Chronological subdivision | 21st century. |
| 9 (RLIN) | 28747 |
| Source of heading or term | BUEsh |
| 650 #0 - SUBJECT ADDED ENTRY--TOPICAL TERM | |
| Topical term or geographic name as entry element | Protest movements |
| Geographic subdivision | Middle East. |
| 9 (RLIN) | 28747 |
| Source of heading or term | BUEsh |
| 651 #0 - SUBJECT ADDED ENTRY--GEOGRAPHIC NAME | |
| Geographic name | Arab countries |
| General subdivision | Politics and government |
| Chronological subdivision | 21st century. |
| 9 (RLIN) | 32551 |
| Source of heading or term | BUEsh |
| 651 #0 - SUBJECT ADDED ENTRY--GEOGRAPHIC NAME | |
| Geographic name | Middle East |
| General subdivision | Politics and government |
| Chronological subdivision | 21st century. |
| 9 (RLIN) | 32552 |
| Source of heading or term | BUEsh |
| 653 ## - INDEX TERM--UNCONTROLLED | |
| Resource For college | BAEPS, Political Science |
| Arrived date list | February2013 |
| 942 ## - ADDED ENTRY ELEMENTS (KOHA) | |
| Source of classification or shelving scheme | Dewey Decimal Classification |
| Item type | Book - Borrowing |
| Withdrawn status | Item status | Source of classification or shelving scheme | Damaged status | Not for loan | Vendor | Home library | Current library | Shelving location | Date acquired | Source of acquisition | Total Checkouts | Total Renewals | Full call number | Barcode | Date last seen | Date last borrowed | Koha item type |
|---|---|---|---|---|---|---|---|---|---|---|---|---|---|---|---|---|---|
| Dewey Decimal Classification | Baccah | Central Library | Central Library | First floor | 10/02/2013 | Purchase | 5 | 2 | 321.0940956 GEL | 000028153 | 15/07/2025 | 24/11/2015 | Book - Borrowing | ||||
| Dewey Decimal Classification | Baccah | Central Library | Central Library | First floor | 10/02/2013 | Purchase | 5 | 26 | 321.0940956 GEL | 000028154 | 15/07/2025 | 24/11/2015 | Book - Borrowing | ||||
| Lost & Replaced | Dewey Decimal Classification | Baccah | Central Library | Central Library | First floor | 10/02/2013 | Purchase | 1 | 2 | 321.0940956 GEL | 000028155 | 24/04/2018 | 23/03/2014 | Book - Borrowing | |||
| Dewey Decimal Classification | Baccah | Central Library | Central Library | First floor | 10/02/2013 | Purchase | 6 | 4 | 321.0940956 GEL | 000028156 | 15/07/2025 | 05/12/2015 | Book - Borrowing | ||||
| Dewey Decimal Classification | Central Library | Central Library | First floor | 24/04/2018 | Exchange | 3 | 16 | 321.0940956 GEL | 000043213 | 15/07/2025 | 21/11/2024 | Book - Borrowing |